000 00944cam a2200301 a 4500
001 2101691
003 OSt
005 20230620154142.0
008 950509s1995 fr b i000 0 eng d
010 _a 95235199
020 _a9231030736
035 _a(OCoLC)32440740
040 _aNSbSU
_cNSbSU
_dIU
_dDLC
042 _alccopycat
050 0 0 _aJX1952
_b.N65 1995
082 0 0 _a327.1/72
_221
_bUNE
245 0 0 _aNon-military aspects of international security.
260 _aParis :
_bUnesco Pub.,
_c1995.
300 _a258 p. ;
_c21 cm.
440 0 _aPeace and conflict issues
504 _aIncludes bibliographical references (p. 254-258).
650 0 _aSecurity, International.
650 0 _aInternational relations.
710 2 _aUnesco Publishing.
906 _a7
_bcbc
_ccopycat
_d2
_encip
_f19
_gy-gencatlg
942 _2ddc
_cBK
999 _c1873
_d1873